| 000 | 01553cam a22003974a 4500 | ||
|---|---|---|---|
| 001 | 14319428 | ||
| 003 | USPCAS-E | ||
| 005 | 20180118181418.0 | ||
| 008 | 060328s2007 enka b 001 0 eng | ||
| 010 | _a 2006010650 | ||
| 015 |
_aGBA612369 _2bnb |
||
| 016 | 7 |
_a013375382 _2Uk |
|
| 020 | _a0470091266 (cloth : alk. paper) | ||
| 020 | _a9780470091265 (cloth : alk. paper) | ||
| 035 | _a(OCoLC)ocm65425875 | ||
| 035 | _a(OCoLC)65425875 | ||
| 040 |
_aDLC _cDLC _dBAKER _dBWKUK _dUKM _dYDXCP _dOCLCQ _dSTF _dBTCTA _dDLC |
||
| 042 | _apcc | ||
| 050 | 0 | 0 |
_aTK2960 _b.T445 2007 |
| 082 | 0 | 0 |
_a621.31244 _222 _bTHI 2006 |
| 245 | 0 | 0 |
_aThin film solar cells : _bfabrication, characterization and applications / _cedited by Jef Poortmans and Vladimir Arkhipov. |
| 260 |
_aChichester, England ; _aHoboken, NJ : _bWiley, _c2007. |
||
| 300 |
_axxix, 471 p. : _bill. ; _c25 cm. |
||
| 440 | 0 | _aWiley series in materials for electronic and optoelectronic applications | |
| 502 | _a. | ||
| 504 | _aIncludes bibliographical references and index. | ||
| 650 | 0 | _aSolar cells. | |
| 650 | 0 | _aThin film devices. | |
| 700 | 1 | _aPoortmans, Jef. | |
| 700 | 1 | _aArkhipov, Vladimir. | |
| 856 | 4 | 1 |
_3Table of contents only _uhttp://www.loc.gov/catdir/toc/ecip0611/2006010650.html |
| 856 | 4 | 2 |
_3Publisher description _uhttp://www.loc.gov/catdir/enhancements/fy0739/2006010650-d.html |
| 906 |
_a7 _bcbc _corignew _d1 _eecip _f20 _gy-gencatlg |
||
| 942 |
_2ddc _cBK |
||
| 999 |
_c355917 _d355917 |
||